书目信息 |
| 题名: |
小故事 大智慧
|
|
| 作者: | 东方笑 主编 | |
| 分册: | ||
| 出版信息: | 西安 陕西师范大学出版社 2005.06 |
|
| 页数: | 511页 | |
| 开本: | 24cm | |
| 丛书名: | 人生哲理枕边书 | |
| 单 册: | ||
| 中图分类: | B821-49 | |
| 科图分类: | ||
| 主题词: | 企业家--Qi Ye Jia--经理经济学 | |
| 电子资源: | ||
| ISBN: | 7-5613-2269-0 | |
| 000 | 01072nam0 2200289 450 | |
| 001 | CAL 012001447107 | |
| 005 | 20060529162337.67 | |
| 010 | @a7-5613-2269-0@dCNY 25.00 | |
| 099 | @aCAL 012001447107 | |
| 100 | @a20011207d2005 ekmy0chiy0121 ea | |
| 101 | 0 | @achi |
| 102 | @aCN@b610000 | |
| 200 | 1 | @a小故事 大智慧@Axiao gu shi da zhi hui@d= Professional managers@e改变一生的N个哲理故事@f东方笑主编@Fdong fang xiao zhu bian@zeng |
| 210 | @a西安@c陕西师范大学出版社@d2005.06 | |
| 215 | @a511页@d24cm | |
| 225 | 2 | @a人生哲理枕边书 |
| 300 | @a中国首部现代企业经理人策划全书。 | |
| 330 | @a本书包括:第三次浪潮:现代经理人制度的兴起;突出智重团:中国的“经理革命”;打造经理人的职业生涯等内容。 | |
| 410 | 0 | @12001 @a人生哲理枕边书 |
| 510 | 1 | @aProfessional managers@zeng |
| 517 | 1 | @a改变一生的N个哲理故事@Agai bian yi sheng de N ge zhe li gu shi |
| 606 | 0 | @a企业家@AQi Ye Jia@x经理经济学 |
| 690 | @aB821-49@v4 | |
| 701 | 0 | @a东方笑@Adong fang xiao@c(企业经济)@4主编 |
| 701 | 0 | @c(企业管理) |
| 801 | 0 | @aCN@bBUA@c20060529 |
| 905 | @a10447@dB821-49@eD6631 | |
| 小故事 大智慧= Professional managers:改变一生的N个哲理故事/东方笑主编.-西安:陕西师范大学出版社,2005.06 |
| 511页;24cm.-(人生哲理枕边书) |
| 中国首部现代企业经理人策划全书。 |
| ISBN 7-5613-2269-0:CNY 25.00 |
| 本书包括:第三次浪潮:现代经理人制度的兴起;突出智重团:中国的“经理革命”;打造经理人的职业生涯等内容。 |
| ● |
| 相关链接 |
|
|
|
正题名:小故事 大智慧
索取号:B821-49/D6631
 
预约/预借
| 序号 | 登录号 | 条形码 | 馆藏地/架位号 | 状态 | 备注 |
| 1 | 603523 | 206035235 | 社科库509/509社科库 24排4列3层/ [索取号:B821-49/D6631] | 在馆 | |
| 2 | 603524 | 206035244 | 社科库509/509社科库 24排4列3层/ [索取号:B821-49/D6631] | 在馆 | |
| 3 | 603525 | 206035253 | 社科库509/509社科库 24排4列3层/ [索取号:B821-49/D6631] | 在馆 |